[Event "Winnipeg op"]
[Site "Winnipeg CAN"]
[Date "1997.06.22"]
[Round "4"]
[White "Lange, John"]
[Black "Walker, Sean"]
[Result "0-1"]
[WhiteElo "1284"]
[BlackElo "1409"]
[PlyCount "134"]
[GameId "2160767911965607"]
[EventDate "1997.06.20"]
[EventType "swiss"]
[EventRounds "5"]
[EventCountry "CAN"]

1. e4 e5 2. Nf3 Nc6 3. Bb5 d6 4. h3 Nf6 5. d3 h6 6. O-O a6 7. Bxc6+ bxc6 8. Re1 Be6 9. c3 d5 10. Nxe5 dxe4 11. Nxc6 Qxd3 12. Qxd3 exd3 13. f4 Bc5+ 14. Be3 Bxe3+ 15. Rxe3 O-O 16. Nd2 Nd5 17. Re4 Rae8 18. Nb4 Nxb4 19. Rxb4 Rb8 20. Rxb8 Rxb8 21. b3 Bd7 22. Rd1 Re8 23. Kf2 Re2+ 24. Kf1 Bc6 25. Nf3 Be4 26. Re1 Bxf3 27. gxf3 Rxa2 28. Rd1 Ra3 29. Rb1 Ra2 30. Ke1 Rh2 31. Rd1 d2+ 32. Rxd2 Rxh3 33. Rd3 Rh4 34. Rd4 Kh7 35. Kf2 Kg6 36. Rd7 Rxf4 37. Rxc7 Rf6 38. c4 Rb6 39. Ra7 Rxb3 40. Rxa6+ Kf5 41. Ra7 Kg6 42. c5 Rc3 43. Ra6+ Kg5 44. c6 h5 45. Ke2 h4 46. Kd2 Rc5 47. Ke3 h3 48. Kf2 Rc2+ 49. Kg3 h2 50. Ra5+ Kf6 51. Rh5 Rxc6 52. Rxh2 Kg5 53. Rh7 Kg6 54. Rh4 Rc5 55. Rg4+ Rg5 56. f4 Rxg4+ 57. Kxg4 Kf6 58. Kf3 Kf5 59. Ke3 g5 60. fxg5 Kxg5 61. Ke4 Kg4 62. Ke3 f5 63. Kf2 f4 64. Kf1 Kf3 65. Ke1 Kg3 66. Kf1 f3 67. Ke1 Kg2 0-1

[Event "Winnipeg op"]
[Site "Winnipeg CAN"]
[Date "1997.06.22"]
[Round "4"]
[White "Ott, Richard"]
[Black "Walker, Bob"]
[Result "1-0"]
[WhiteElo "1481"]
[BlackElo "1710"]
[PlyCount "83"]
[GameId "2160767911965608"]
[EventDate "1997.06.20"]
[EventType "swiss"]
[EventRounds "5"]
[EventCountry "CAN"]

1. d4 d5 2. c4 e6 3. Nc3 Nf6 4. cxd5 exd5 5. Bg5 c6 6. Nf3 Bf5 7. Qb3 Qc7 8. Bxf6 gxf6 9. g3 Nd7 10. Bg2 Nb6 11. Nd2 O-O-O 12. O-O Kb8 13. a4 Bh6 14. e3 a5 15. Rfc1 Be6 16. Qc2 Qd7 17. b4 axb4 18. Na2 Bf8 19. a5 Nc4 20. Nxc4 dxc4 21. Nxb4 Bxb4 22. Rcb1 Bxa5 23. Rxa5 Kc7 24. Qb2 Rb8 25. Qb6+ Kc8 26. d5 Bxd5 27. Bxd5 Qc7 28. Qxc7+ Kxc7 29. Bxc4 Rhf8 30. Ra7 h6 31. Ba6 Kd6 32. Raxb7 Rbe8 33. R7b6 Kc5 34. Kg2 Ra8 35. Bb7 Rab8 36. Rxc6+ Kd5 37. Rxf6+ Ke5 38. Rxh6 f6 39. Rh5+ Kd6 40. Rd1+ Ke7 41. Rh7+ Ke6 42. Bd5+ 1-0

[Event "Winnipeg op"]
[Site "Winnipeg CAN"]
[Date "1997.06.22"]
[Round "4"]
[White "Walker, Erin"]
[Black "Gushuliak, Justin"]
[Result "1/2-1/2"]
[WhiteElo "1704"]
[BlackElo "1054"]
[PlyCount "48"]
[GameId "2160767911965609"]
[EventDate "1997.06.20"]
[EventType "swiss"]
[EventRounds "5"]
[EventCountry "CAN"]

1. e4 c6 2. d4 d5 3. exd5 cxd5 4. Nf3 Bg4 5. Bd3 Nf6 6. O-O e6 7. Bf4 Bd6 8. Bxd6 Qxd6 9. c3 O-O 10. Nbd2 Nbd7 11. Re1 Rfe8 12. Qc2 e5 13. dxe5 Nxe5 14. Nd4 Nxd3 15. Qxd3 Rxe1+ 16. Rxe1 Re8 17. Rxe8+ Nxe8 18. Qb5 Qd7 19. f3 Be6 20. N2b3 Nd6 21. Qe2 b6 22. Nd2 Nf5 23. Qe5 Qd6 24. Qxd6 Nxd6 1/2-1/2

[Event "Winnipeg op"]
[Site "Winnipeg CAN"]
[Date "1997.06.22"]
[Round "5"]
[White "Babb, Jeff"]
[Black "Baragar, Fletcher"]
[Result "0-1"]
[WhiteElo "2189"]
[BlackElo "2387"]
[PlyCount "96"]
[GameId "2160767911965610"]
[EventDate "1997.06.20"]
[EventType "swiss"]
[EventRounds "5"]
[EventCountry "CAN"]

1. e4 c5 2. Nc3 Nc6 3. g3 g6 4. Bg2 Bg7 5. d3 d6 6. Be3 e6 7. Qd2 Rb8 8. Nge2 Nd4 9. O-O Ne7 10. Rae1 O-O 11. Nf4 b5 12. a3 a5 13. h4 b4 14. axb4 axb4 15. Nd1 b3 16. c3 Nc2 17. Re2 Ba6 18. Bh3 e5 19. Ng2 c4 20. f3 cxd3 21. Ref2 d5 22. Bc5 Rb5 23. Bxe7 Qxe7 24. Ne1 Nxe1 25. Rxe1 Rc5 26. Ne3 d4 27. Nd5 Qd6 28. Bf1 dxc3 29. Nxc3 Rd8 30. Ra1 Bf8 31. h5 Qc6 32. hxg6 hxg6 33. Rh2 Bc4 34. Kh1 Qf6 35. Bg2 Rcc8 36. Ra4 Be6 37. Ra6 Bb4 38. f4 Bxc3 39. bxc3 Rb8 40. Ra1 Ra8 41. Rb1 Ra2 42. Qe3 Re2 43. Qf3 exf4 44. gxf4 Qxc3 45. Rg1 Re1 46. Bf1 Rxe4 47. Rh5 Qd4 48. Bg2 Rxf4 0-1

[Event "Winnipeg op"]
[Site "Winnipeg CAN"]
[Date "1997.06.22"]
[Round "5"]
[White "Herkert, Dean"]
[Black "Gushuliak, Justin"]
[Result "1/2-1/2"]
[WhiteElo "1659"]
[BlackElo "1054"]
[PlyCount "114"]
[GameId "2160767911965611"]
[EventDate "1997.06.20"]
[EventType "swiss"]
[EventRounds "5"]
[EventCountry "CAN"]

1. f4 g6 2. e4 Bg7 3. Nf3 c5 4. Bc4 d6 5. O-O Bg4 6. Nc3 Nc6 7. Kh1 a6 8. a3 b5 9. Ba2 Nd4 10. d3 e6 11. Be3 Ne7 12. Rb1 Qc7 13. Ne2 Rc8 14. c3 Bxf3 15. gxf3 Nxe2 16. Qxe2 Nc6 17. f5 Qe7 18. fxe6 fxe6 19. Rg1 Rf8 20. Rbf1 b4 21. Bg5 Qb7 22. Bxe6 Rc7 23. Bd5 bxa3 24. bxa3 Bxc3 25. Be3 Qb2 26. Qxb2 Bxb2 27. Bh6 Rf6 28. Bxc6+ Rxc6 29. Bg7 Kf7 30. Bxf6 Kxf6 31. Rb1 Bd4 32. Rgf1 c4 33. dxc4 Rxc4 34. Rfc1 Rxc1+ 35. Rxc1 Bb2 36. Rc6 Bxa3 37. Rxa6 Bc5 38. Kg2 Ke5 39. Kg3 Be3 40. Ra5+ Ke6 41. f4 h6 42. e5 Bc5 43. Kg4 Bb4 44. Ra6 Bc5 45. h4 Kd5 46. h5 gxh5+ 47. Kf5 dxe5 48. fxe5 Bf8 49. e6 Be7 50. Ra8 Kd6 51. Ra1 Bg5 52. Rd1+ Ke7 53. Rd7+ Ke8 54. Ke5 h4 55. Kd6 Bf4+ 56. Kc6 h3 57. Rd1 h2 1/2-1/2

[Event "Winnipeg op"]
[Site "Winnipeg CAN"]
[Date "1997.06.22"]
[Round "5"]
[White "Kaptsan, Aron"]
[Black "Repa, Jason"]
[Result "1-0"]
[WhiteElo "2246"]
[BlackElo "1828"]
[PlyCount "100"]
[GameId "2160767911965612"]
[EventDate "1997.06.20"]
[EventType "swiss"]
[EventRounds "5"]
[EventCountry "CAN"]

1. d4 Nf6 2. c4 e6 3. Nf3 Bb4+ 4. Nbd2 c5 5. dxc5 Bxc5 6. e3 O-O 7. Be2 d5 8. O-O Re8 9. b3 Nbd7 10. Bb2 Nf8 11. Qc2 b6 12. Rfd1 Bb7 13. a3 Ng6 14. b4 Bd6 15. Qb3 Qe7 16. Rac1 Rac8 17. cxd5 Bxd5 18. Bc4 Bxc4 19. Nxc4 Bb8 20. Nce5 Nxe5 21. Nxe5 Bxe5 22. Bxe5 Red8 23. h3 Rxd1+ 24. Qxd1 Rxc1 25. Qxc1 Qb7 26. b5 h6 27. Qc6 Qe7 28. Bd6 Qd7 29. e4 Qd8 30. f3 Nd7 31. Kf1 Nb8 32. Qc7 Qxc7 33. Bxc7 Nd7 34. Ke2 h5 35. Kd2 Kf8 36. Kc3 g6 37. Kb4 Ke7 38. a4 Ke8 39. a5 Ke7 40. h4 Ke8 41. g4 Kf8 42. gxh5 gxh5 43. Bxb6 Nxb6 44. Kc5 Na4+ 45. Kc6 Ke8 46. Kb7 Kd7 47. Kxa7 Kc8 48. b6 Nc5 49. a6 Nd7 50. e5 Nxe5 1-0

[Event "Winnipeg op"]
[Site "Winnipeg CAN"]
[Date "1997.06.22"]
[Round "5"]
[White "Trueman, Francis"]
[Black "Gannon, Keith"]
[Result "0-1"]
[WhiteElo "1510"]
[BlackElo "1651"]
[PlyCount "78"]
[GameId "2160767911965614"]
[EventDate "1997.06.20"]
[EventType "swiss"]
[EventRounds "5"]
[EventCountry "CAN"]

1. Nf3 Nf6 2. g3 d5 3. Bg2 c5 4. O-O Nc6 5. d3 e5 6. Nbd2 Be7 7. e4 dxe4 8. dxe4 O-O 9. Qe1 Nd4 10. Nxd4 cxd4 11. Nc4 Qc7 12. Qe2 Be6 13. b3 Rac8 14. f4 Bxc4 15. bxc4 Qxc4 16. Qxc4 Rxc4 17. fxe5 Ne8 18. Rb1 b6 19. e6 fxe6 20. Bh3 Rxf1+ 21. Kxf1 Kf7 22. Rb3 e5 23. Rf3+ Nf6 24. Bf5 Rxc2 25. Bg5 h6 26. Bxf6 Bxf6 27. Ra3 Rc7 28. h4 g6 29. Bg4 Ke7 30. Be2 h5 31. Ra4 Kf8 32. Bc4 g5 33. hxg5 Bxg5 34. Kg2 h4 35. gxh4 Bxh4 36. Kf3 Rg7 37. Ke2 Rg2+ 38. Kd3 Bg5 39. Rxa7 Rd2# 0-1